ARRUPE JESUIT UNIVERSITY

CORONAVIRUS -STOP THE SPREAD - CLEAN,DISINFECT,COVER

Twenty-five years in a waggon in the gold regions of Africa. (Record no. 120231)

MARC details
000 -LEADER
fixed length control field 00733cam a2200241I 4500
001 - CONTROL NUMBER
control field 4730008
003 - CONTROL NUMBER IDENTIFIER
control field ARRUPE
005 - DATE AND TIME OF LATEST TRANSACTION
control field 20140320112938.0
008 - FIXED-LENGTH DATA ELEMENTS--GENERAL INFORMATION
fixed length control field 860709s1887 enkf 000 0 eng
010 ## - LIBRARY OF CONGRESS CONTROL NUMBER
LC control number 17023071
035 ## - SYSTEM CONTROL NUMBER
System control number (OCoLC)ocm13844995
035 ## - SYSTEM CONTROL NUMBER
System control number (NNC)4730008
040 ## - CATALOGING SOURCE
Original cataloging agency DLC
Transcribing agency CIN
Modifying agency OCL
-- NYP
050 ## - LIBRARY OF CONGRESS CALL NUMBER
Classification number DT731
Item number .A5
098 ## - OTHER CLASSIFICATION SCHEMES (OCLC)
Call number based on other classification scheme Jk
300 ## - PHYSICAL DESCRIPTION
Other physical details illus., plates.
Dimensions 20 cm.
100 1# - MAIN ENTRY--PERSONAL NAME
Personal name Anderson, Andrew A.
9 (RLIN) 9187
245 10 - TITLE STATEMENT
Title Twenty-five years in a waggon in the gold regions of Africa.
Statement of responsibility, etc By Andrew A. Anderson. With illustrations by the author.
260 ## - PUBLICATION, DISTRIBUTION, ETC. (IMPRINT)
Place of publication, distribution, etc London,
Name of publisher, distributor, etc Chapman and Hall,
Date of publication, distribution, etc 1887.
300 ## - PHYSICAL DESCRIPTION
Extent 2 v.
651 #0 - SUBJECT ADDED ENTRY--GEOGRAPHIC NAME
Geographic name South Africa
General subdivision Description and travel.
9 (RLIN) 9188
942 ## - ADDED ENTRY ELEMENTS (KOHA)
Source of classification or shelving scheme Library of Congress Classification
Koha item type Monograph ( Printed materials)
Holdings
Withdrawn status Lost status Source of classification or shelving scheme Damaged status Not for loan Collection code Home library Current library Shelving location Date acquired Total Checkouts Full call number Barcode Date last seen Price effective from Koha item type
    Library of Congress Classification     Main Collection ARRUPE LIBRARY ARRUPE LIBRARY Main Collection 20/03/2014   SPC DT731 .A5 1887 46500001941 05/07/2018 20/03/2014 Monograph ( Printed materials)
    Library of Congress Classification     Main Collection ARRUPE LIBRARY ARRUPE LIBRARY Main Collection 20/03/2014   SPC DT731 .A5 1887 46500001942 05/07/2018 20/03/2014 Monograph ( Printed materials)

 

Arrupe Library. PO Box MP320 Mt Pleasant, Harare, Zimbabwe
263 242 745411|librarian@aju.ac.zw